00581nam a22001817a 4500003000900000005001700009007000300026008003100029040002500060082000700085100003500092245006600127260003500193300002100228500005700249500006000306504003300366DO-SdBNP20220425095500.0ta210909b 2017 dr 00| 0 eng d aDO-SdBNPbspacBNPHU 42221 aVargas Guerrero, J. Alejandro 1 aMedidas de coerción personal/cJ. Alejandro Vargas Guerrero aSanto Domingo :bs.n. ,c2017. a254 p. ;c24 cm. aIncluye datos biográficos del autor en las solapas a la biblioteca posee la 1ra reimpresión del 2016 aBibliografías : p. 199-202